Financial Statement Analysis (Record no. 3336)

MARC details
000 -LEADER
fixed length control field 00408nam a22001577a 4500
005 - DATE AND TIME OF LATEST TRANSACTION
control field 20180717123713.0
008 - FIXED-LENGTH DATA ELEMENTS--GENERAL INFORMATION
fixed length control field 160621b xxu||||| |||| 00| 0 eng d
041 ## - LANGUAGE CODE
Language code of text/sound track or separate title eng
082 ## - DEWEY DECIMAL CLASSIFICATION NUMBER
Item number 8648
Classification number 657.3
100 ## - MAIN ENTRY--AUTHOR NAME
Personal name Bhattacharya, Dr. Anjan and jana, Madam Mohan
245 ## - TITLE STATEMENT
Title Financial Statement Analysis
260 ## - PUBLICATION, DISTRIBUTION, ETC. (IMPRINT)
Name of publisher B.B.Kundu grandson
Year of publication 2008
300 ## - PHYSICAL DESCRIPTION
Number of Pages 781
650 ## - SUBJECT ADDED ENTRY--TOPICAL TERM
Topical Term Management
942 ## - ADDED ENTRY ELEMENTS (KOHA)
Koha item type Books
Holdings
Lost status Damaged status Collection code Home library Current library Shelving location Date acquired Cost, normal purchase price Full call number Accession Number Koha item type
    MANAGEMENT JRU Library JRU Library SHELF-73-N 21/06/2016 220.00 657.3 8648 Books
    Reference JRU Library   SHELF-30-E 21/06/2016 220.00 657.3 8649 Books
    MANAGEMENT JRU Library JRU Library SHELF-73-N 21/06/2016 220.00 657.3 8650 Books
    MANAGEMENT JRU Library JRU Library SHELF-73-N 21/06/2016 220.00 657.3 8651 Books